000 00346nam a22001217a 4500
040 _cRUA
082 _aA209 ឯក 2017 C160 Or.1
100 _aឯក លាភី
245 _aអានុភាពរបស់អ្នកឈ្នះ,
260 _aPHNOM PENH
_bRUA
_c2017
300 _a149p.
_bill.
_c22cm.
942 _cអភិវឌ្ឍន៍
999 _c25662
_d25662